000 00597nam a2200217 a 4500
999 _c2922
_d2922
001 2922
003 BD-JhCC
005 20180307130641.0
008 171108s1975 bg |||| |||| 000 0 ben d
035 _a(BD-JhCC) 2922
040 _aBD-JhCC
_dBD-JhCC
041 _aben
082 _a910.4
_bFAZ 1975
100 _aফজল,আবুল
245 _aসফরনামা /
_cআবুল ফজল
260 _aঢাকা :
_bবর্ণ মিছিল,
_c১৯৭৫.
300 _a৮৩ পৃ. :
_c২১ সেমি.
650 _aTravelogue
942 _2ddc
_cBK